Nazwij pasujące państwo #1 - Statystyki

Ogólne statystyki
  • Ten quiz został rozwiązany 115 razy
  • Średni wynik to 11 z 15
Statystyki odpowiedzi
Nazwij Państwo Państwo % Poprawnych
Graniczy z Słowacją Polska / Czechy / Węgry / Ukraina
98%
Które ma tereny na Himalajach Afganistan / Bhutan / Chiny / Indie / Nepal / Pakistan
94%
Państwo na V Vanuatu
89%
Państwo na Z Zambia / Zimbabwe / Zjednoczone Emiraty Arabskie
87%
Najludniejsze Państwo na świecie Chiny
83%
Ma dostęp do morza Azowskiego Rosja / Ukraina
82%
Graniczy z Czadem Kamerun / Libia / Sudan / Republika Środkowoafrykańska / Niger / Nigeria
79%
Stolicą tego państwa to Ułan-Bator Mongolia
79%
Która stolica leży nad Dunajem Austria / Węgry / Słowacja / Serbia
78%
Graniczy z Tunezją Algieria / Libia
77%
W jakim Państwie przepływa Dniestr Ukraina / Mołdawia
77%
Państwa kończące na "an" Oman / Iran / Bhutan / Liban / Azerbejżdzan / Sudan / Tajwan / Watykan
70%
Stolicą tego Państwa jest Biszkek Kirgistan
50%
Najszczęśliwsze Państwo na świecie Finlandia
43%
Którego stolica zaczyna się na G Gwatemala / Gujana / Botswana / Burundi
33%
Nie znaleziono quizów pasujących do podanych kryteriów
Rozkład punktacji
Procent ludzi z każdym wynikiem
Percentyl według liczby udzielonych odpowiedzi
Twoja historia wyników
Nie rozwiązałeś tego quizu